Stemmi Squadre di calcio dal dettaglio - Quiz n°20 - Statistics

Statistiche generali
  • Questo quiz è stato fatto 3 volte
  • Il punteggio medio è 4 su 10
Statistiche sulle risposte
con Immagini Risposta % Corretto
Sampdoria
100%
SPAL
67%
Stoke City
67%
Espanyol
33%
Fenerbahce
33%
Grenoble
33%
Huracán
33%
Notts County
33%
Bahia
0%
Bursaspor
0%
Nessun quiz corrispondente trovato
Distribuzione punteggi
Percentuale di utenti per punteggio
Percentile per numero di risposta
I tuoi punteggi nel tempo
Non hai fatto questo quiz